000 01704nam a2200469 c 4500
001 25011
003 ES-MaCES
005 20150929135517.0
007 cr |||||||||||
008 130425s2013 be do rs o000 | eng d
035 _aCES20130002473m
040 _aES-MaCES
_bspa
_cES-MaCES
100 1 _aLeahy, Ann
_916326
245 1 4 _aThe impact of the European crisis
_hRecurso electrónico
_b: a study of the impact of the crisis and austerity on people, with a special focus on Greece, Ireland, Italy, Portugal and Spain
_ca Caritas report, prepared by Social Justice Ireland, Ann Leahy, Seán Healy, and Michelle Murphy
260 _aBrussels
_bCaritas Europa
_c[2013]
300 _a1 documento pdf
_bfot., gráf. col.
_c(1,81 mb)
504 _aBibliografía: p. 57-61
541 _cGratuito
650 4 _arepertorio de recomendaciones prácticas
_929261
650 4 _aestudio de casos
_928846
650 4 _aEspaña
_926964
650 4 _aPortugal
_926960
650 4 _aItalia
_926952
650 4 _aIrlanda
_926951
650 4 _aGrecia
_926947
650 4 _apobreza
_927112
650 4 _aexclusión social
_930629
650 4 _adesempleo
_928308
650 4 _aempleo
_928299
650 4 _apolítica gubernamental
_927211
650 4 _aevaluación del impacto
_930732
650 4 _acrisis económica
_927102
653 1 0 _aAsuntos Sociales
650 4 _926752
_aUE
700 1 _aMurphy, Michelle
_919422
700 1 _aHealy, Seán
_914559
710 2 _aCáritas Europa
_91741
856 4 _uhttp://biblioteca.ces.es/repintra/47-30064.pdf
_ytexto completo
_z[intranet]
902 _aELE PUB. ELECTRONICA
942 _2CES
_cBK
_h3.3.
999 _c25011
_d25011